La evaluación cualitativa. Una oportunidad de aprendizaje social (Registro nro. 3769)
[ vista simple ]
| 000 -LEADER | |
|---|---|
| fixed length control field | 01422 a2200229 4500 |
| 001 - CONTROL NUMBER | |
| control field | 44000 |
| 005 - DATE AND TIME OF LATEST TRANSACTION | |
| control field | 20260407155720.0 |
| 008 - FIXED-LENGTH DATA ELEMENTS--GENERAL INFORMATION | |
| fixed length control field | 260407a2015 arg spa d |
| 003 - CONTROL NUMBER IDENTIFIER | |
| control field | AR-UNSa-BCEJYS |
| 040 ## - CATALOGING SOURCE | |
| Original cataloging agency | AR-UNSa-BCEJYS |
| Language of cataloging | spa |
| Transcribing agency | AR-UNSa-BCEJYS |
| 080 ## - UNIVERSAL DECIMAL CLASSIFICATION NUMBER | |
| Universal Decimal Classification number | 303.4 |
| Common auxiliary subdivision | Tipos de investigación. estrategias de investigación. diseño de la investigación social |
| 020 ## - INTERNATIONAL STANDARD BOOK NUMBER | |
| International Standard Book Number | 978-987-538-420-0 |
| 041 ## - LANGUAGE CODE | |
| Language code of text/sound track or separate title | spa |
| 100 1# - MAIN ENTRY--PERSONAL NAME | |
| Personal name | Cardarelli, Graciela |
| 245 10 - TITLE STATEMENT | |
| Title | La evaluación cualitativa. Una oportunidad de aprendizaje social |
| Name of part/section of a work | Perspectivas metodológicas. Aplicaciones en programas y proyectos sociales y educativos |
| 264 #1 - PRODUCTION, PUBLICATION, DISTRIBUTION, MANUFACTURE, AND COPYRIGHT NOTICE | |
| Place of production, publication, distribution, manufacture | Buenos Aires : |
| Name of producer, publisher, distributor, manufacturer | Noveduc |
| Date of production, publication, distribution, manufacture, or copyright notice | 2015 |
| 300 ## - PHYSICAL DESCRIPTION | |
| Extent | 128 p. |
| Dimensions | 28 cm. |
| 505 ## - FORMATTED CONTENTS NOTE | |
| Formatted contents note | Capítulo 1: Luces y sombras de la evaluación. La evaluación cualitativa de programas y proyectos socioeducativos/ Graciela Cardarelli - Capítulo 2: Algunas reflexiones sobre las estrategias evaluativas para programas gestionados desde el Estado/ Josette Brawerman, Liliana Raggio y Violeta Ruiz - Capítulo 3: Evaluación diagnóstica sobre servicios de salud de una organización no gubernamental para sus asociadas/ Olga Nirenberg - Capítulo 4: La evaluación del proceso del proceso de gestión de un proyecto social/ Mario C. Robirosa |
| 590 ## - LOCAL NOTE (RLIN) | |
| Local note | niveau_biblio:m niveau_hierar:0 |
| 856 41 - ELECTRONIC LOCATION AND ACCESS | |
| Uniform Resource Identifier | <a href="https://biblioeco.unsa.edu.ar/pmb/images/libros/L126874.jpg">https://biblioeco.unsa.edu.ar/pmb/images/libros/L126874.jpg</a> |
| Link text | Imagen de portada |
| Electronic format type | image/jpeg |
| 942 ## - ADDED ENTRY ELEMENTS (KOHA) | |
| Koha item type | |
| Withdrawn status | Lost status | Damaged status | Not for loan | Home library | Current library | Shelving location | Date acquired | Total checkouts | Full call number | Barcode | Date last seen | Price effective from | Koha item type |
|---|---|---|---|---|---|---|---|---|---|---|---|---|---|
| Biblioteca Prof. Eusebio Cleto del Rey | Biblioteca Prof. Eusebio Cleto del Rey | 07/04/2026 | P303.4 C266 | L126874 | 07/04/2026 | 07/04/2026 | Libro | ||||||
| Biblioteca Prof. Eusebio Cleto del Rey | Biblioteca Prof. Eusebio Cleto del Rey | 07/04/2026 | P303.4 C266 | L126873 | 07/04/2026 | 07/04/2026 | Libro |